00646nam a2200181Ia 4500001001000000003000500010008004100015010001100056040000900067082002100076100001900097245014400116260003700260300001100297440002700308500004600335650008300381Para_2569CHAP220125s1907 xx 000 0 und d a204594 cCHAP aPA-C 595.704 I58 aJenet, Charles aAnatomie du corselet et histolysedes muscles vibrateurs, apres le vol nuptial, chez la reine de la fourmi (Lasius niger) /c Charles Janet aLimoges :b Docourtieux et gout a149 p. aInsect Morphology; V.2 aEncuadernado con otros impresos similares aInsectos x Anatomía y fisiología x Colecciones de escritos Abejas reina